00821nam a22002657a 45000010005000000030006000050050017000110080041000280200017000690400029000860500014001150820008001291000021001372450049001582600042002073000045002494900027002945050008003215200111003295210020004405210020004606500021004806500026005017000028005275313FISKH20241125165012.0241125b cb ||||| |||| 00| 0 eng d a099455003995 aFISKHbengcFISKHdFISKH aPZ7.C1543 a437 aCampbell, Joanna aAshleigh's Hope /cCreated by Janna Campbell aNew York :bHarperPaperbacks ;c1996. a179 pages : billustrations ; c21 cm .  a ThoroughbredvSuper 3 aU  aIn this exciting prequel, readers learn how Ashleigh and her friends first discovered the world of horses.8 a840 bLexile 8 aU bRaz-Plus  aanimalsvFiction athoroughbredvFiction aBentley, Kareneauthor